000 00572nam a2200205Ia 4500
003 OSt
005 20230417163010.0
008 210423s2011 xx 000 0 und d
020 _a9781412944571
040 _cAL
041 _aeng
082 _a302.2 TRED
100 _aTREADWELL (Donald).
_989517
245 _aIntroducing communication research: paths of inquiry.
260 _aLos Angeles
_bSage Publications
_c2011
300 _axviii,226
_bPB
365 _b2835
_cINR
906 _acommunication ; inquiry. ; Introducing ; paths ; research:
942 _2ddc
_cBK
999 _c159971
_d159971